Spatially displaced demand and the changing geography of house prices in London, 1995 - 2006. (Record no. 81628)

MARC details
000 -LEADER
fixed length control field 01008cab a22001935a 4500
001 - CONTROL NUMBER
control field L147747
008 - FIXED-LENGTH DATA ELEMENTS--GENERAL INFORMATION
fixed length control field 090612e2009 xxk 000 0 eng d
035 ## - SYSTEM CONTROL NUMBER
System control number (Sirsi) u147747
041 0# - LANGUAGE CODE
Language code of text/sound track or separate title eng
100 1# - MAIN ENTRY--PERSONAL NAME
Personal name Hamnett, Chris
245 00 - TITLE STATEMENT
Title Spatially displaced demand and the changing geography of house prices in London, 1995 - 2006.
260 ## - PUBLICATION, DISTRIBUTION, ETC.
Date of publication, distribution, etc. 2009
490 ## - SERIES STATEMENT
Series statement Housing Studies
Volume/sequential designation 24(3) May 2009, 301-320
520 ## - SUMMARY, ETC.
Summary, etc. Discusses the effects of increasing high incomes and gentrification in inner London on the home ownership market. Examines the average London house price by borough, finding that the top-priced boroughs remain the highest priced and the lowest-priced boroughs remain at the bottom over the entire period. One change is noted: the gap between between the highest average price and the lowest average price has closed. Considers explanations for these changes.
590 ## - LOCAL NOTE (RLIN)
Local note KA
651 #4 - SUBJECT ADDED ENTRY--GEOGRAPHIC NAME
Geographic name London
690 ## - LOCAL SUBJECT ADDED ENTRY--TOPICAL TERM (OCLC, RLIN)
Topical term or geographic name as entry element PROPERTY-RESIDENTIAL PROPERTY-RESIDENTIAL PROPERTY MARKET
942 ## - ADDED ENTRY ELEMENTS (KOHA)
Suppress in OPAC 0
Holdings
Withdrawn status Lost status Source of classification or shelving scheme Damaged status Not for loan Home library Current library Shelving location Date acquired Total Checkouts Full call number Barcode Date last seen Copy number Price effective from Koha item type
    Dewey Decimal Classification     London London Journal article 12/06/2009   L147747 147747-1001 06/08/2019 1 06/08/2019 Journal article